| 000 | 00864nmm a2200337 a 4500 | ||
|---|---|---|---|
| 003 | AR-BaBNM | ||
| 005 | 20251128204748.0 | ||
| 008 | 126019s1993 ||||||||||||||000 | spa|| | ||
| 020 | _a84-85855-68-X | ||
| 040 | _cAR-BaBNM | ||
| 245 | 1 | 0 | _aEstadística |
| 250 | _a2ª ed. | ||
| 260 |
_aBarcelona _bAntoni Bosch _c1993 |
||
| 300 | 1 |
_axiv, p. 128-623 _btablas, gráfs. |
|
| 500 | 0 | _aIncluye ejercicios | |
| 650 | 4 | _aESTADISTICA | |
| 650 | 4 | _aESTADISTICAS DESCRIPTIVAS | |
| 650 | 4 | _aDATOS ESTADISTICOS | |
| 650 | 4 | _aPROBABILIDAD | |
| 650 | 4 | _aMUESTREO DE DATOS | |
| 650 | 4 | _aANALISIS ESTADISTICO | |
| 650 | 4 | _aENSENANZA DE LA ESTADISTICA | |
| 650 | 4 | _aENCUESTAS | |
| 650 | 4 | _aVARIABILIDAD | |
| 700 | 1 | _aFreedman, David | |
| 700 | 1 | _aPisani, Robert | |
| 700 | 1 | _aPurves, Roger | |
| 700 | 1 | _aAdhikari, Ani | |
| 942 | _cBK | ||
| 998 | _cenrique | ||
| 999 |
_c8717 _d8717 |
||